[Event "Nordsjaelland Weekend EMT 2019"]
[Site "Allerod"]
[Date "2019.01.04"]
[Round "1.1"]
[White "Hector, Jonny"]
[Black "Hove, Esben Kjems"]
[Result "1-0"]
[WhiteElo "2492"]
[BlackElo "2280"]
[PlyCount "91"]
[EventDate "2019.??.??"]
[EventCountry "DEN"]

1. e4 {6} c6 {9} 2. d4 {5} d5 {4} 3. e5 {6} Bf5 {7} 4. h4 {6} c5 {229} 5. g4 {
157} Bc8 {19} 6. dxc5 {263} Nc6 {39} 7. Bf4 {604} e6 {990} 8. Nf3 {236} Bxc5 {
78} 9. Bd3 {185} Nge7 {272} 10. Nbd2 {234} f6 {690} 11. Qe2 {126} Ng6 {415} 12.
Bxg6+ {126} hxg6 {86} 13. O-O-O {77} Qe7 {96} 14. exf6 {278} gxf6 {43} 15. g5 {
19} Bd7 {242} 16. Rhe1 {163} f5 {389} 17. Nb3 {42} Bd6 {185} 18. Bxd6 {33} Qxd6
{5} 19. Nbd4 {153} Nxd4 {183} 20. Rxd4 {17} O-O-O {467} 21. Qd2 {609} Kb8 {120}
22. Kb1 {81} Rh7 {212} 23. c4 {134} Bc6 {104} 24. Ne5 {73} Rg8 {101} 25. Qf4 {
273} Ka8 {154} 26. Nxc6 {29} Qxc6 {14} 27. cxd5 {351} exd5 {161} 28. Qe5 {13}
Rc8 {103} 29. a3 {289} Qc2+ {197} 30. Ka2 {3} Qxf2 {24} 31. Rc1 {81} Rb8 {157}
32. Rxd5 {109} a6 {9} 33. Rdc5 {527} Rhh8 {40} 34. R1c4 {104} Rhe8 {141} 35.
Qf6 {110} Re4 {181} 36. Rc2 {141} Re2 {49} 37. Rc1 {168} Qxh4 {88} 38. Ra5 {268
} Qf2 {155} 39. Rc7 {34} Qa7 {72} 40. Rac5 {36} Ree8 {49} 41. Qxg6 {38} Rf8 {27
} 42. Rxf5 {78} Qd4 {5} 43. Ra5 {101} Rbc8 {76} 44. Rxa6+ {26} Kb8 {3} 45.
Rxc8+ {14} Rxc8 {6} 46. Qd6+ {7} 1-0

[Event "Nordsjaelland Weekend EMT 2019"]
[Site "Allerod"]
[Date "2019.01.04"]
[Round "1.2"]
[White "Vasli, Aref"]
[Black "Antonsen, Mikkel"]
[Result "0-1"]
[WhiteElo "2251"]
[BlackElo "2433"]
[PlyCount "114"]
[EventDate "2019.??.??"]
[EventCountry "DEN"]

1. e4 {2} e6 {8} 2. d4 {4} d5 {2} 3. Nc3 {5} Bb4 {7} 4. a3 {6} Bxc3+ {7} 5.
bxc3 {2} Ne7 {115} 6. Bd3 {518} c5 {40} 7. Nf3 {591} b6 {202} 8. O-O {46} Ba6 {
3} 9. exd5 {134} Bxd3 {14} 10. Qxd3 {14} Qxd5 {92} 11. a4 {1168} Nd7 {107} 12.
Re1 {383} O-O {581} 13. c4 {880} Qd6 {117} 14. Ba3 {116} Rfd8 {81} 15. Rad1 {
213} Ng6 {272} 16. g3 {129} Qc6 {259} 17. d5 {359} exd5 {35} 18. cxd5 {116}
Qxa4 {34} 19. Re4 {125} Qa5 {48} 20. Bb2 {180} b5 {12} 21. h4 {108} Nb6 {752}
22. Ra1 {72} Na4 {37} 23. Raxa4 {75} bxa4 {7} 24. Bc3 {22} Qb6 {115} 25. h5 {12
} Nf8 {280} 26. Rg4 {301} f6 {29} 27. h6 {38} g6 {253} 28. Rxa4 {136} Qd6 {91}
29. Ba5 {294} Rd7 {47} 30. c4 {1} Rb8 {146} 31. Bd2 {44} Qe6 {173} 32. Bf4 {71}
Re8 {46} 33. Qa3 {153} Qe2 {183} 34. Rxa7 {93} Qxc4 {5} 35. Rxd7 {24} Nxd7 {4}
36. d6 {13} Qd5 {59} 37. Qc3 {35} Kf7 {258} 38. Kf1 {34} c4 {28} 39. Kg2 {46}
Re2 {232} 40. Kf1 {22} Qd3 {80} 41. Qxd3 {23} cxd3 {5} 42. Ne1 {10} g5 {23} 43.
Nxd3 {2} Re6 {10} 44. Be3 {24} Rxd6 {7} 45. Ke2 {17} Kg6 {7} 46. f4 {17} Kxh6 {
45} 47. fxg5+ {21} fxg5 {5} 48. Nf2 {12} Re6 {46} 49. Kf3 {98} Kg6 {7} 50. Bd4
{84} h5 {18} 51. Nd3 {31} Ra6 {30} 52. Ke4 {34} Ra3 {22} 53. Bb2 {15} Rb3 {22}
54. Kd4 {38} Kf5 {10} 55. Kc4 {19} Rb7 {26} 56. Bc1 {13} Ne5+ {43} 57. Nxe5 {7}
Rc7+ {3} 0-1

[Event "Nordsjaelland Weekend EMT 2019"]
[Site "Allerod"]
[Date "2019.01.04"]
[Round "1.3"]
[White "Hoi, Carsten"]
[Black "Stojanovski, Sandi"]
[Result "1-0"]
[WhiteElo "2413"]
[BlackElo "2247"]
[PlyCount "79"]
[EventDate "2019.??.??"]
[EventCountry "DEN"]

1. Nf3 {20} d5 {44} 2. e3 {134} Nf6 {68} 3. c4 {93} e6 {21} 4. Nc3 {89} c5 {79}
5. d4 {95} Nc6 {28} 6. cxd5 {307} exd5 {27} 7. Bb5 {27} Bd6 {183} 8. dxc5 {188}
Bxc5 {21} 9. O-O {13} O-O {20} 10. b3 {177} a6 {464} 11. Bxc6 {420} bxc6 {12}
12. Bb2 {10} Bd6 {528} 13. Ne2 {340} Re8 {678} 14. Rc1 {64} Bd7 {21} 15. Ng3 {
242} Rc8 {688} 16. Qd3 {707} Ne4 {361} 17. Qd4 {407} f6 {74} 18. Qd3 {87} Qa5 {
460} 19. a3 {439} Qb5 {378} 20. Qc2 {96} Nxg3 {195} 21. hxg3 {35} c5 {37} 22.
Bc3 {482} Be6 {14} 23. Rb1 {138} Qd7 {271} 24. Qd2 {54} Bb8 {454} 25. b4 {229}
c4 {4} 26. Nd4 {41} Bf7 {139} 27. a4 {135} Bg6 {12} 28. Rb2 {40} h5 {70} 29. b5
{68} h4 {145} 30. gxh4 {63} Re4 {120} 31. f4 {100} axb5 {275} 32. axb5 {34} Qg4
{168} 33. Nc6 {252} Rce8 {136} 34. Bd4 {133} Bd6 {152} 35. b6 {83} c3 {74} 36.
Qxc3 {135} Qxh4 {77} 37. b7 {94} Bxf4 {7} 38. exf4 {80} Rxf4 {30} 39. Rxf4 {89}
Re1+ {61} 40. Qxe1 {33} 1-0

[Event "Nordsjaelland Weekend EMT 2019"]
[Site "Allerod"]
[Date "2019.01.04"]
[Round "1.4"]
[White "Hansen, Soren Bech"]
[Black "Strange, Mikkel"]
[Result "0-1"]
[WhiteElo "2240"]
[BlackElo "2364"]
[PlyCount "90"]
[EventDate "2019.??.??"]
[EventCountry "DEN"]

1. e4 {4} e5 {29} 2. Bc4 {14} Nf6 {47} 3. d3 {120} c6 {26} 4. Nf3 {9} Be7 {31}
5. O-O {19} Qc7 {15} 6. Bb3 {64} O-O {48} 7. Re1 {70} d6 {30} 8. Nbd2 {34} Nbd7
{21} 9. c3 {16} Nc5 {86} 10. Bc2 {10} h6 {730} 11. Nf1 {22} Re8 {103} 12. Ng3 {
156} Bf8 {126} 13. d4 {96} Ne6 {123} 14. h3 {108} c5 {682} 15. Be3 {760} Nf4 {
283} 16. Nh4 {544} Be6 {331} 17. d5 {181} Bd7 {45} 18. Qf3 {224} Qd8 {139} 19.
Bxf4 {538} exf4 {28} 20. Ne2 {161} g5 {59} 21. Nf5 {104} Bxf5 {22} 22. exf5 {5}
Nd7 {349} 23. Ba4 {226} Ne5 {96} 24. Qe4 {112} Nd7 {189} 25. Qf3 {52} Bg7 {162}
26. Bxd7 {98} Qxd7 {54} 27. g4 {54} Re5 {69} 28. c4 {242} Rae8 {50} 29. Kf1 {90
} b5 {173} 30. Nc3 {396} bxc4 {366} 31. Rxe5 {81} Bxe5 {117} 32. Rc1 {85} Rb8 {
83} 33. Rc2 {21} Qb7 {75} 34. Kg2 {147} Bxc3 {393} 35. bxc3 {15} Re8 {23} 36.
Rd2 {102} Re5 {10} 37. Qd1 {23} Kg7 {28} 38. Kh2 {134} Qe7 {143} 39. Qf3 {225}
Re1 {53} 40. Kg2 {137} Qe5 {55} 41. h4 {379} Rc1 {271} 42. hxg5 {346} hxg5 {37}
43. Re2 {78} Qxc3 {187} 44. f6+ {87} Qxf6 {67} 45. Re8 {55} Qh6 {56} 0-1

[Event "Nordsjaelland Weekend EMT 2019"]
[Site "Allerod"]
[Date "2019.01.04"]
[Round "1.5"]
[White "Haubro, Martin"]
[Black "Ramsdal, Jens Albert"]
[Result "1/2-1/2"]
[WhiteElo "2338"]
[BlackElo "2211"]
[PlyCount "71"]
[EventDate "2019.??.??"]
[EventCountry "DEN"]

1. e4 {2} c5 {4} 2. Nf3 {3} e6 {121} 3. d4 {5} cxd4 {4} 4. Nxd4 {4} Nc6 {6} 5.
Nc3 {3} Qc7 {4} 6. Be3 {4} a6 {4} 7. Qf3 {4} Nf6 {135} 8. O-O-O {34} h5 {334}
9. Be2 {2019} Ng4 {837} 10. Bf4 {423} Nce5 {345} 11. Qg3 {25} h4 {152} 12. Qxg4
{87} Nxg4 {62} 13. Bxc7 {4} Nxf2 {8} 14. e5 {98} Nxh1 {355} 15. Rxh1 {4} Bc5 {
41} 16. Rd1 {97} b5 {66} 17. Bf3 {828} Ra7 {131} 18. Bb8 {4} Rb7 {25} 19. Bxb7
{104} Bxb7 {2} 20. g3 {96} f5 {230} 21. Bd6 {211} Bxd6 {133} 22. exd6 {5} g5 {
104} 23. Nb3 {102} b4 {329} 24. Na4 {179} f4 {456} 25. gxf4 {15} g4 {7} 26. Nd4
{404} g3 {229} 27. Nc5 {17} Bd5 {224} 28. hxg3 {192} hxg3 {192} 29. Nxa6 {59}
Bc4 {381} 30. Nxb4 {156} g2 {7} 31. Kd2 {99} Bf1 {273} 32. Nf3 {7} Rh3 {16} 33.
Ng1 {23} Rh1 {6} 34. Nf3 {7} Rh3 {57} 35. Ng1 {24} Rh1 {10} 36. Nf3 {2} 1/2-1/2

[Event "Nordsjaelland Weekend EMT 2019"]
[Site "Allerod"]
[Date "2019.01.04"]
[Round "1.6"]
[White "Hansen, Lars"]
[Black "Norgaard, Jesper"]
[Result "1-0"]
[WhiteElo "2206"]
[BlackElo "2322"]
[PlyCount "85"]
[EventDate "2019.??.??"]
[EventCountry "DEN"]

1. d4 {227} Nf6 {11} 2. Bg5 {16} e6 {113} 3. e4 {9} h6 {8} 4. Bxf6 {6} Qxf6 {12
} 5. c3 {9} d6 {65} 6. Bd3 {13} Nd7 {96} 7. Ne2 {50} c5 {1105} 8. O-O {46} Qd8
{381} 9. Nd2 a6 {116} 10. f4 {34} b5 {281} 11. e5 {131} Bb7 {224} 12. Ne4 {1183
} Qb6 {318} 13. Kh1 {1886} O-O-O {472} 14. Qb1 {553} Qc6 {699} 15. a4 {163} f5
{958} 16. exf6 {15} Nxf6 {23} 17. axb5 {96} axb5 {6} 18. N2g3 {238} h5 {87} 19.
h4 {839} Be7 {6} 20. b3 {233} c4 {432} 21. bxc4 {14} bxc4 22. Bc2 {57} Nxe4 {47
} 23. Nxe4 {51} Bxh4 {62} 24. Ra5 {20} g6 {154} 25. Qb4 {23} Rh7 {95} 26. Rb1 {
17} Rc7 {70} 27. Ba4 {79} Qxa4 {261} 28. Qxa4 {47} Bxe4 {6} 29. Rb6 {53} Be7 {
37} 30. Qb5 {31} Rb7 {140} 31. Ra8+ {15} Kc7 {4} 32. Qxc4+ {39} Kd7 {19} 33.
Qb5+ {20} Kc7 {9} 34. Qc4+ {22} Kd7 {6} 35. Qa4+ {9} Kc7 {18} 36. Rxb7+ {63}
Bxb7 {9} 37. Rxd8 {49} Kxd8 {29} 38. Qc2 {18} h4 {45} 39. Kh2 {23} g5 {2} 40.
Qg6 {42} gxf4 {141} 41. Qxe6 {3} d5 {88} 42. Qb6+ {47} Kc8 {103} 43. Kh3 {12}
1-0

[Event "Nordsjaelland Weekend EMT 2019"]
[Site "Allerod"]
[Date "2019.01.04"]
[Round "1.7"]
[White "Kristensen, Kaare Hove"]
[Black "Ostergaard, Jens"]
[Result "1/2-1/2"]
[WhiteElo "2301"]
[BlackElo "2181"]
[PlyCount "136"]
[EventDate "2019.??.??"]
[EventCountry "DEN"]

1. e4 {9} c5 {28} 2. Nf3 {12} Nc6 {18} 3. d4 {37} cxd4 {9} 4. Nxd4 {8} g6 {32}
5. c4 {13} Bg7 {20} 6. Nc2 {16} Nf6 {66} 7. Nc3 {9} d6 {43} 8. Be2 {16} O-O {33
} 9. O-O {11} Be6 {617} 10. Bd2 {73} Nd7 {182} 11. Rc1 {135} a5 {166} 12. Ne3 {
405} Nc5 {195} 13. Ned5 {194} f5 {735} 14. exf5 {272} Bxf5 {315} 15. Be3 {371}
Nb4 {635} 16. a3 {911} Nbd3 {957} 17. Bxd3 {394} Nxd3 {92} 18. g4 {264} Nxb2 {
618} 19. Qe2 {91} Bd3 {221} 20. Qxb2 {34} e6 {228} 21. Nf4 {1189} Qg5 {553} 22.
Qxb7 {469} Qxg4+ {119} 23. Qg2 {55} Qxg2+ {27} 24. Kxg2 {89} Bxf1+ {112} 25.
Kxf1 {10} Bh6 {102} 26. Nfd5 {175} Bxe3 {35} 27. Nxe3 {9} Rab8 {50} 28. Nb5 {
166} d5 {26} 29. a4 {7} dxc4 {36} 30. Rxc4 {35} Rf3 {57} 31. Kg2 {409} Rbf8 {12
} 32. Rc2 {15} R3f4 {10} 33. Ra2 {50} Rc8 {45} 34. Kg3 {95} Rb4 {17} 35. f3 {
149} h5 36. Nd6 {53} Rc3 {209} 37. Nc2 Rg4+ {28} 38. Kf2 {17} Rh4 {45} 39. Kg3
{52} Rg4+ {5} 40. Kf2 {3} Rh4 {2} 41. Kg2 {72} Rf4 {25} 42. Ne1 {7} g5 {65} 43.
Ne4 {20} Rc4 {16} 44. Nd3 {28} Rh4 {72} 45. Ne5 {74} Rc1 {50} 46. Ng6 {22} Rxe4
{24} 47. fxe4 {7} Rc5 {19} 48. Rf2 {62} Rc4 {32} 49. e5 {33} Rxa4 {21} 50. Ne7+
{36} Kg7 {10} 51. Nc6 {24} Re4 {56} 52. Ra2 {40} a4 {13} 53. Kf3 {21} Rc4 {23}
54. Nd8 {23} Kg6 {17} 55. Nxe6 {30} Kf5 {19} 56. Ng7+ {7} Kxe5 {50} 57. Nxh5 {4
} Kd4 {59} 58. Ng3 {49} Kc3 {54} 59. Ne4+ {20} Kb3 {36} 60. Nd2+ {90} Kxa2 {6}
61. Nxc4 Kb3 {7} 62. Nd2+ {23} Kc2 {33} 63. Nc4 {21} Kb3 {19} 64. Nd2+ {75} Kc2
{20} 65. Nc4 {30} Kb3 {31} 66. Ne5 {2} Kc3 {10} 67. Nc4 {2} Kb3 {2} 68. Ne5 {3}
a3 {3} 1/2-1/2

[Event "Nordsjaelland Weekend EMT 2019"]
[Site "Allerod"]
[Date "2019.01.04"]
[Round "1.8"]
[White "Jakobsen, Peter"]
[Black "Jacobsen, Mikkel Manosri"]
[Result "1-0"]
[WhiteElo "2174"]
[BlackElo "2290"]
[PlyCount "51"]
[EventDate "2019.??.??"]
[EventCountry "DEN"]

1. d4 Nf6 {7} 2. c4 {4} e6 {5} 3. Nc3 {12} d5 {10} 4. Bg5 {6} Nbd7 {20} 5. e3 {
9} Be7 {23} 6. Nf3 {7} a6 {7} 7. cxd5 {110} exd5 {3} 8. Bd3 {11} O-O {5} 9. O-O
{41} h6 {6} 10. Bh4 {320} b5 {90} 11. Ne5 {860} Bb7 {578} 12. f4 {205} c5 {217}
13. Qf3 {265} Re8 {107} 14. Rad1 {121} b4 {529} 15. Ne2 {20} c4 {114} 16. Bxc4
{64} Nxe5 {474} 17. dxe5 {407} Qc8 {184} 18. exf6 {389} dxc4 {6} 19. Qg3 {13}
Bf8 {10} 20. fxg7 {8} Bc5 {119} 21. Nd4 {25} Qd7 {108} 22. Bf6 {272} Qd5 {66}
23. Be5 {187} f6 {724} 24. Nf5 {795} Qe6 {266} 25. Qg6 {483} Bxe3+ {64} 26. Kh1
{8} 1-0

[Event "Nordsjaelland Weekend EMT 2019"]
[Site "Allerod"]
[Date "2019.01.05"]
[Round "2.1"]
[White "Strange, Mikkel"]
[Black "Hector, Jonny"]
[Result "1/2-1/2"]
[WhiteElo "2364"]
[BlackElo "2492"]
[PlyCount "115"]
[EventDate "2019.??.??"]
[EventCountry "DEN"]

1. e4 {3} e5 {3} 2. f4 {6} d5 {19} 3. exd5 {8} e4 {19} 4. d3 {24} Nf6 {16} 5.
dxe4 {18} Nxe4 {13} 6. Nf3 {79} Be7 {35} 7. Be3 {272} O-O {302} 8. Bc4 {86} Bf6
{352} 9. Bd4 {213} c6 {375} 10. Bxf6 {639} Nxf6 {520} 11. Nc3 {106} b5 {486}
12. Bb3 {281} Qb6 {273} 13. dxc6 {126} Nxc6 {54} 14. Nd5 {1725} Nxd5 {281} 15.
Qxd5 {35} Be6 {160} 16. Qd2 {79} Bxb3 {145} 17. axb3 {68} Rfe8+ {27} 18. Kf1 {
55} Red8 {266} 19. Qf2 {200} Qc7 {8} 20. g3 {82} Nb4 {48} 21. Kg2 {106} Nxc2 {
121} 22. Rac1 {344} Rac8 {62} 23. Rhd1 {200} Rxd1 {107} 24. Rxd1 {88} Nb4 {16}
25. Qd4 {137} a5 {466} 26. h4 {50} h6 {212} 27. Rd2 {73} Re8 {265} 28. Ne5 {362
} Qb7+ {416} 29. Kh2 {279} h5 {82} 30. Qd7 {228} Qxd7 {440} 31. Nxd7 {8} Na2 {
231} 32. Kg2 {124} Nc1 {39} 33. Kf2 {95} Nxb3 {91} 34. Rd5 {6} b4 {58} 35. Nc5
{93} Nxc5 {59} 36. Rxc5 {5} Ra8 {16} 37. b3 {41} g6 {11} 38. f5 {46} Kg7 {50}
39. Kf3 {26} Ra6 {77} 40. fxg6 {159} fxg6 {40} 41. Ke4 {27} Kf6 {55} 42. Kd4 {
26} a4 {64} 43. bxa4 {9} Rxa4 {207} 44. Rc6+ {23} Kg7 {8} 45. Rb6 {81} Ra3 {23}
46. Rxb4 {54} Rxg3 {8} 47. Ke5 {9} g5 {138} 48. Kf5 {32} gxh4 {31} 49. Rb7+ {24
} Kh6 {15} 50. Rb6+ {9} Kh7 {6} 51. Rb7+ {18} Rg7 {35} 52. Rxg7+ {16} Kxg7 {7}
53. Kf4 {4} Kf6 {7} 54. Kf3 {6} Kg5 {6} 55. Kg2 {5} Kg4 {7} 56. Kh2 {5} h3 {6}
57. Kh1 {4} Kg3 {6} 58. Kg1 {5} 1/2-1/2

[Event "Nordsjaelland Weekend EMT 2019"]
[Site "Allerod"]
[Date "2019.01.05"]
[Round "2.2"]
[White "Antonsen, Mikkel"]
[Black "Hansen, Lars"]
[Result "1-0"]
[WhiteElo "2433"]
[BlackElo "2206"]
[PlyCount "69"]
[EventDate "2019.??.??"]
[EventCountry "DEN"]

1. d4 {2} e6 {308} 2. c4 {24} b6 {34} 3. e4 {11} Bb7 {22} 4. Bd3 {3} Bb4+ {41}
5. Bd2 {27} Bxd2+ {21} 6. Qxd2 {9} f5 {72} 7. Nc3 {5} Nf6 {13} 8. Qe2 {57} O-O
{1427} 9. Nf3 {8} fxe4 {732} 10. Nxe4 {10} Nc6 {57} 11. O-O {216} Qe8 {732} 12.
Nxf6+ {622} Rxf6 {48} 13. Be4 {6} Qh5 {1040} 14. d5 {203} Ne5 {92} 15. Bxh7+ {
31} Kxh7 {648} 16. Qxe5 {6} Qxe5 {281} 17. Nxe5 {3} exd5 {30} 18. Nxd7 {39} Rf5
{91} 19. Rfe1 {346} dxc4 {111} 20. Re7 {6} Rd8 {112} 21. Rd1 {210} Kh8 {20} 22.
Rde1 {50} Rd5 {100} 23. Ne5 {52} Kh7 {16} 24. Nxc4 {57} R8d7 {63} 25. R7e3 {149
} Ba6 {20} 26. Ne5 {258} R7d6 {5} 27. Nf3 {363} Bb7 {39} 28. h4 {14} Rd1 {19}
29. Ng5+ {37} Kg6 {10} 30. f3 {695} Rxe1+ {15} 31. Rxe1 {4} Kh5 {108} 32. Re7 {
188} Kxh4 {30} 33. Rxg7 {3} Rd2 {33} 34. Ne6 {83} Rxb2 {16} 35. Nf4 {32} 1-0

[Event "Nordsjaelland Weekend EMT 2019"]
[Site "Allerod"]
[Date "2019.01.05"]
[Round "2.3"]
[White "Jakobsen, Peter"]
[Black "Hoi, Carsten"]
[Result "1/2-1/2"]
[WhiteElo "2174"]
[BlackElo "2413"]
[PlyCount "63"]
[EventDate "2019.??.??"]
[EventCountry "DEN"]

1. Nf3 {2} g6 {418} 2. d4 {40} Bg7 {12} 3. c4 {11} Nf6 {202} 4. Nc3 {9} O-O {12
} 5. e4 {5} d6 {17} 6. Be2 {18} e5 {26} 7. O-O {13} Nc6 {20} 8. d5 {11} Ne7 {6}
9. Ne1 {12} Nd7 {83} 10. Be3 {15} f5 {214} 11. f3 {10} b6 {159} 12. b4 {84} a5
{317} 13. a3 {33} f4 {264} 14. Bf2 {14} g5 {21} 15. Nd3 {78} axb4 {298} 16.
axb4 {9} Rxa1 {12} 17. Qxa1 {2} Nf6 {24} 18. c5 {959} bxc5 {112} 19. bxc5 {6}
g4 {63} 20. Nb5 {710} g3 {614} 21. hxg3 {23} Nh5 {148} 22. gxf4 {311} exf4 {394
} 23. Bd4 {10} Ng6 {107} 24. Bxg7 {220} Nxg7 {4} 25. Qa5 {166} Nh5 {501} 26.
Nxc7 {1253} Nh4 {625} 27. Rf2 {90} Ng3 {222} 28. cxd6 {1275} Ng6 {335} 29. Qa2
{82} Qh4 {325} 30. Rf1 {2} Qh1+ 31. Kf2 Qh4 {4} 32. Ke1 {10} 1/2-1/2

[Event "Nordsjaelland Weekend EMT 2019"]
[Site "Allerod"]
[Date "2019.01.05"]
[Round "2.4"]
[White "Ramsdal, Jens Albert"]
[Black "Kristensen, Kaare Hove"]
[Result "1-0"]
[WhiteElo "2211"]
[BlackElo "2301"]
[PlyCount "53"]
[EventDate "2019.??.??"]
[EventCountry "DEN"]

1. e4 {100} c5 {18} 2. Nf3 {4} d6 {24} 3. Bb5+ {5} Nd7 {9} 4. d4 {18} cxd4 {33}
5. Qxd4 {16} Ngf6 {23} 6. Bg5 {43} a6 {374} 7. Bxd7+ {38} Bxd7 {307} 8. Nc3 {
116} h6 {689} 9. Bxf6 {41} gxf6 {12} 10. Nd5 {250} Bg7 {617} 11. O-O {307} O-O
{42} 12. Rad1 {412} f5 {370} 13. e5 {119} Bc6 {880} 14. Qe3 {1711} e6 {804} 15.
Nb6 {669} Bxf3 {155} 16. Rxd6 {49} Qg5 {152} 17. Qxf3 {160} Bxe5 {110} 18. Rd3
{44} Ra7 {733} 19. Nd7 {326} Bxb2 {10} 20. Qd1 {346} f4 {96} 21. Nxf8 {27} Kxf8
{15} 22. c3 {40} Ba3 {423} 23. h4 {214} Qf6 {161} 24. Rd8+ {14} Kg7 {20} 25.
Qg4+ {33} Qg6 {7} 26. Qxf4 {22} Be7 {24} 27. Re8 {76} 1-0

[Event "Nordsjaelland Weekend EMT 2019"]
[Site "Allerod"]
[Date "2019.01.05"]
[Round "2.5"]
[White "Ostergaard, Jens"]
[Black "Norgaard, Jesper"]
[Result "0-1"]
[WhiteElo "2181"]
[BlackElo "2322"]
[PlyCount "148"]
[EventDate "2019.??.??"]
[EventCountry "DEN"]

1. d4 {4} Nf6 {10} 2. Nf3 {16} c5 {26} 3. d5 {8} g6 {54} 4. Nc3 {107} d6 {31}
5. h3 {93} Bg7 {17} 6. e4 {10} O-O {164} 7. Nd2 {604} Na6 {168} 8. Be2 {348}
Nc7 {255} 9. O-O {514} e6 {503} 10. dxe6 {947} fxe6 {224} 11. Bf3 {702} Rb8 {
1018} 12. Nb3 {330} b6 {138} 13. Bg5 {92} h6 {664} 14. Bh4 {100} Ba6 {786} 15.
Re1 {63} g5 {227} 16. Bg3 {30} e5 {6} 17. a4 {141} Bc4 {375} 18. Nd5 {655} Bxd5
{389} 19. exd5 {6} Re8 {4} 20. Nd2 {70} a6 {201} 21. c4 {493} b5 {6} 22. axb5 {
6} axb5 {1} 23. b3 {151} b4 {294} 24. Ne4 {26} Ra8 {70} 25. Rxa8 {58} Nxa8 {2}
26. Qc2 {165} Nb6 {51} 27. Ra1 {129} Qe7 {213} 28. Ra6 {62} Rb8 {18} 29. Qa2 {
107} Nxe4 {82} 30. Bxe4 {6} Qc7 {38} 31. h4 {86} Bf6 {15} 32. hxg5 {19} Bxg5 {
37} 33. Qa5 {52} Bd8 {136} 34. Qb5 {67} Kf7 {82} 35. Qa5 {91} Qe7 {19} 36. Ra7
{29} Rb7 {16} 37. Rxb7 {11} Qxb7 {1} 38. Qa2 {36} Bg5 {25} 39. Qe2 {56} Kg7 {27
} 40. Qg4 {82} Qf7 41. Bh4 {55} Qf4 {42} 42. Qxf4 {24} exf4 {48} 43. Bxg5 {51}
hxg5 {2} 44. Kf1 {5} Kf6 {6} 45. Ke2 {15} Nd7 {5} 46. Kd3 {88} Ne5+ {6} 47. Ke2
{5} Kg7 {30} 48. Bf5 {36} Kh6 {7} 49. g3 {44} Kh5 {6} 50. Be6 {30} Kg6 {172}
51. gxf4 {37} gxf4 {24} 52. Bg8 Kf5 {35} 53. Bh7+ {7} Kg4 {1} 54. Bg8 {32} Kh3
{21} 55. Bh7 {40} Kh2 {136} 56. Be4 {47} Kg1 {2} 57. Bf3 {39} Kh2 {21} 58. Be4
{8} Kh3 {4} 59. Bf3 {37} Kh4 {9} 60. Be4 {10} Kg4 61. Bh7 {27} Nf7 {92} 62. Bg8
{32} Ng5 {20} 63. Be6+ {15} Kh5 {1} 64. Bf5 {10} Kh6 {5} 65. Bd3 {75} Kg7 {6}
66. Bf5 {52} Kf6 {2} 67. Bc2 {23} Ke5 {5} 68. Kd3 {31} Nf3 {42} 69. Bd1 {14}
Nd4 {5} 70. f3 {24} Kf5 {25} 71. Kd2 {7} Kg5 {10} 72. Kd3 {77} Kh4 {11} 73. Kd2
{42} Kg3 {6} 74. Kd3 {16} Nxf3 {46} 0-1

[Event "Nordsjaelland Weekend EMT 2019"]
[Site "Allerod"]
[Date "2019.01.05"]
[Round "2.6"]
[White "Jacobsen, Mikkel Manosri"]
[Black "Vasli, Aref"]
[Result "0-1"]
[WhiteElo "2290"]
[BlackElo "2251"]
[PlyCount "84"]
[EventDate "2019.??.??"]
[EventCountry "DEN"]

1. d4 {81} Nf6 {13} 2. c4 {6} e6 {36} 3. Nf3 {7} c5 {6} 4. d5 {4} exd5 {9} 5.
cxd5 {2} d6 {10} 6. Nc3 {4} g6 {5} 7. e4 {4} Bg7 {4} 8. Nd2 {5} a6 {92} 9. a4 {
7} O-O {221} 10. Be2 {6} Re8 {33} 11. O-O {25} Nbd7 {97} 12. Qc2 {378} Ne5 {413
} 13. f4 {314} Neg4 {41} 14. Nf3 {128} Nxe4 {222} 15. Nxe4 {171} Bf5 {8} 16.
Nfg5 {914} Bd4+ {999} 17. Kh1 {43} Nf2+ {435} 18. Rxf2 {60} Bxf2 {3} 19. Bd3 {
409} Bd4 {1094} 20. Bd2 {14} h6 {1062} 21. Nf3 {79} Bg7 {150} 22. Nc3 {162} Bg4
{28} 23. Rf1 {114} f5 {232} 24. h3 {177} Bxf3 {6} 25. Rxf3 {18} b5 {284} 26. b3
{631} c4 {234} 27. bxc4 {29} bxc4 {156} 28. Bxc4 {3} Qb6 {103} 29. g4 {353}
Rac8 {64} 30. Bf1 {115} Bxc3 {134} 31. Rxc3 {64} Qf2 {40} 32. Qd1 {138} Rxc3 {
42} 33. Bxc3 {2} Qxf4 {39} 34. gxf5 {294} Re3 {76} 35. Bd4 {706} Qe4+ {42} 36.
Kh2 Qf4+ {25} 37. Kh1 {283} Qe4+ {1} 38. Kg1 {6} Rg3+ {55} 39. Kf2 {1} Qf4+ {23
} 40. Ke1 {120} Qe4+ {6} 41. Kf2 {729} Qf4+ {2} 42. Ke1 {8} gxf5 {8} 0-1

[Event "Nordsjaelland Weekend EMT 2019"]
[Site "Allerod"]
[Date "2019.01.05"]
[Round "2.7"]
[White "Hove, Esben Kjems"]
[Black "Hansen, Soren Bech"]
[Result "0-1"]
[WhiteElo "2280"]
[BlackElo "2240"]
[PlyCount "66"]
[EventDate "2019.??.??"]
[EventCountry "DEN"]

1. d4 f5 {410} 2. Nf3 {67} Nf6 {16} 3. g3 {5} g6 {6} 4. Bg2 {4} Bg7 {3} 5. O-O
{6} O-O {7} 6. c4 {70} d6 {8} 7. Nc3 {80} Qe8 {6} 8. e4 {321} fxe4 {237} 9. Ng5
{33} Nc6 {476} 10. Be3 {653} e5 {642} 11. d5 {267} Nd4 {651} 12. Ngxe4 {815}
Nxe4 {181} 13. Nxe4 {63} Bf5 {444} 14. g4 {298} Bxe4 {314} 15. Bxe4 {6} Qe7 {22
} 16. f3 {192} a5 {240} 17. Qd2 {153} b6 {11} 18. Rae1 {196} Qd7 {123} 19. h3 {
175} Rf7 {28} 20. f4 {25} Raf8 {205} 21. Bxd4 {241} exd4 {9} 22. f5 {11} Qe7 {
364} 23. Qd3 {431} Qg5 {272} 24. Kg2 {248} Be5 {429} 25. fxg6 {55} Rf4 {62} 26.
gxh7+ {43} Kh8 {37} 27. Bf3 {198} Qh4 {161} 28. Re2 {47} R4f7 {202} 29. Rxe5 {
87} dxe5 {5} 30. Qe4 {15} Qg5 {86} 31. Be2 {247} Rxf1 {108} 32. Bxf1 {6} Rf4 {5
} 33. Qd3 {71} Qf6 {47} 0-1